| 000 | 00844nam a22001817a 4500 | ||
|---|---|---|---|
| 003 | BD-ChCU | ||
| 005 | 20260224094411.0 | ||
| 008 | 260224b bg ||||| |||| 00| 0 ben d | ||
| 020 | _a9789843700919 | ||
| 040 | _cBD-ChCU | ||
| 082 |
_222 _a৩৯৮.২০৯৫৪৯২ হোসে ৮ বা |
||
| 100 |
_aহোসেন, মো. জাহাঙ্গীর _920524 |
||
| 245 |
_aবাঙালির উৎস ও সম্প্রীতি / _cমো. জাহাঙ্গীর হোসেন |
||
| 260 |
_aঢাকা : _bবাংলাদেশ বিশ্ববিদ্যালয় মঞ্জুরী কমিশন, _c২০২৪ |
||
| 300 |
_a৩০১পৃ. : _c২২ সেমি |
||
| 650 | 0 |
_aলোকজ - উৎসব - বাংলাদেশ লোকজ উৎসব _920521 |
|
| 942 |
_2ddc _cBK _n0 |
||
| 999 |
_c111714 _d111714 |
||